| 000 | 00536nam a22002057a 4500 | ||
|---|---|---|---|
| 003 | koha_MIRAKIL | ||
| 005 | 20231213095936.0 | ||
| 008 | 231213b |||||||| |||| 00| 0 ||| d | ||
| 020 | _b978-6-05-541560-0 | ||
| 040 |
_aTR-IsEVY _btur _cTR-IsEVY |
||
| 082 | _a590 STE/K | ||
| 100 | _aStewart, Melissa. | ||
| 245 | 0 | _aKarıncalar | |
| 250 | _a2. bs. | ||
| 260 |
_bKoleksiyon Yayıncılık, _c2013 |
||
| 300 | _a32 s. | ||
| 650 | _aBilim -- Hayvanlar -- Karıncalar. | ||
| 650 | _aScience -- Animals -- Ants. | ||
| 942 |
_2ddc _cBK |
||
| 999 |
_c11945 _d11945 |
||